1625 1035 1458 1687 1892 1896 1520 1984 1968 1619 1532 1070 1784 1368 1355 1924 1945 1025 1808 1455 1948 1854 1720 1590 1713 1075 1866 1987 1379 1083 1154 1716 1965 1501 1453 1471 1308 1868 1162 1714 1667 1121 1936 1183 1463 1050 1273 1717 1507 1010 1174 1361 1807 1510 1687 1845 1013 1888 1074 1265 1337 1155 1081 1848 1089 1548 1339 1747 1138 1115 1480 1179 1927 1444 1137 1539 1024 1083 1566 1695 1789 1921 1151 1273 1924 1114 1348 1899 1361 1276 1051 1973 1509 1182 1988 1731 1119 1904 1319 BCNSPRNW ULIB Ver.6.0+V

เปลี่ยนเป็นภาษาไทย

Change to English
 แสดงรายละเอียดบรรณานุกรม
  กลับหน้าหลัก

Brief Record : Get Marc (ISO 2709) : E-mail record : QR code < ปิดหน้าต่าง
LEADER : 00000nam 2200000uu 4500
001    13399113414
003     ULIB
008    020711s2553 th a 000 0 tha d
020    ^a9749742052850
099    ^aนว.ซ115จ 250
100    ^aฬีฬา
245    ^aจะรักได้ไหม...ถ้าหัวใจตรงกัน/^cฬีฬา
250    ^aพิมพ์ครั้งที่ 1
260    ^aกรุงเทพฯ :^bคลังวิทยา,^c2550
300    ^a238 หน้า
710 1  คลังวิทยา
945    ^p150^l0^i021009
995    ทศพร
999 ^a ^aวรรณษา ชูชัยมงคล
รายการนี้ยังไม่มีแท็ก
คุณยังไม่ได้ล็อกอิน คุณสามารถมีกิจกรรมร่วมกับเว็บไซต์ได้ แต่ต้องล็อกอินก่อน ::
  ล็อกอิน

รายการสื่อสารสนเทศ

ลำดับที่ ประเภท เลขเรียก/บาร์โค้ด สถานที่ สถานะ
1. นวนิยาย
นวนิยาย
นว.ซ115จ 250 ฉ.1 
  Barcode: 021009
ห้องสมุดวิทยาเขตสวรรค์ประชารักษ์
►นวนิยาย
บนชั้น
  ขอยืม

รายการใกล้เคียง
    ผู้แต่ง [ฬีฬา]

BibComment


ยังไม่เคยถูกคอมเมนท์

คอมเมนท์ทรัพยากรรายการนี้
  คอมเมนท์: จะรักได้ไหมถ้าหั..


 Copyright 2026. Bcnsprnw @Library